Normal view
MARC view
- Jane Latourette
Entry Personal Name
001 - CONTROL NUMBER
- control field: 7478
003 - CONTROL NUMBER IDENTIFIER
- control field: OSt
005 - DATE AND TIME OF LATEST TRANSACTION
- control field: 20200217093750.0
008 - FIXED-LENGTH DATA ELEMENTS
- fixed length control field: 200217|| aca||aabn | a|a d
040 ## - CATALOGING SOURCE
- Original cataloging agency: OSt
- Transcribing agency: OSt
100 ## - HEADING--PERSONAL NAME
- Personal name: Jane Latourette
670 ## - SOURCE DATA FOUND
- Source citation: Work cat.: (OSt): Jane Latourette, Jon and the Little Lamb, 1965